Chinese provinces & territories - Statistics

General Stats
  • This quiz has been taken 15 times
  • The average score is 23 of 33
Answer Stats
Answer % Correct
Beijing
92%
Hong Kong
92%
Tibet
92%
Guangdong
85%
Shanghai
85%
Sichuan
85%
Chongqing
77%
Hainan
77%
Hebei
77%
Liaoning
77%
Macau
77%
Shaanxi
77%
Fujian
69%
Gansu
69%
Guangxi
69%
Heilongjiang
69%
Henan
69%
Jiangsu
69%
Jilin
69%
Qinghai
69%
Shandong
69%
Shanxi
69%
Xinjiang
69%
Yunnan
69%
Hunan
62%
Inner Mongolia
62%
Tianjin
62%
Zhejiang
62%
Anhui
54%
Guizhou
54%
Hubei
54%
Jiangxi
54%
Ningxia
54%
No matching quizzes found
Score Distribution
Percent of People with Each Score
Percentile by Number Answered
Your Score History
You have not taken this quiz